000
00227nam a2200097Ia 4500
008
190216s9999||||xx |||||||||||||| ||und||
100
_a
Dharmapadan.A.V
245
0
_a
Statics(Degree)
260
_b
Viswanathan Pvt.Ltd
942
_c
BK
999
_c
32880
_d
32880